| 000 | 00671nam a22002172 4500 | ||
|---|---|---|---|
| 001 | 0000005307 | ||
| 005 | 20151217152001.0 | ||
| 008 | 070611s xx 000 0 eng d | ||
| 020 |
_a8472082806 : _cKES 1,000 |
||
| 040 |
_aKABU _cKABU |
||
| 050 | 0 |
_aTX353 _b.P36 |
|
| 100 | 1 |
_aPamplona-Roger, George D. _@0000156524 |
|
| 245 | 1 | 0 |
_aEnjoy it! : _bfoods for healing and prevention / _cGeorge D. Pamplona-Roger. |
| 260 |
_aMadrid (Spain) : _bEditorial Safeliz, _c1998. |
||
| 300 |
_a127 p. : _bill. ; _c27 cm. |
||
| 650 | 0 |
_aFood. _@0000156525 |
|
| 650 | 0 |
_aNutrition. _@0000155604 |
|
| 908 | _a070611 | ||
| 950 | _@1 | ||
| 999 |
_c6992 _d6992 |
||